000 00406nam a2200169Ia 4500
008 230524s9999 xx 000 0 und d
020 _a9780070648104
082 _a621.382
_bKEI
100 _aGred Keiser
245 0 _aOptical Fiber Communications
250 _a3TH
260 _aNEW DELHI
_bTMH
_c2000
300 _aXVI;585
500 _aQuantity Number: 137
650 _aElectronics
942 _cBK
999 _c32038
_d32038